000 00302nam a22001337a 4500
008 170929b xxu||||| |||| 00| 0 eng d
020 _a9780155037403
041 _aeng
080 _27 ED
_a37
100 _a47
101 _aEDU
245 _aWRITING WITH A THESIS
_cSKWIRE.D
942 _2udc
_cBK
999 _c30604
_d30604